000 00852nam a2200301Ia 4500
001 12440
003 IT-RoPAU
008 130308s9999 xx 000 0 und d
040 _aIT-RoPAU
040 _cIT-RoPAU
041 _aITALIANO
100 _aMarchetti Aldo
100 _gCodice Aut. SPICS: 11696
245 _aTre pensieri per un sindacato in incubazione
245 _bPrivato 1980-Le politiche delle comunicazioni di Massa in Italia
250 _a1a ed.
260 _aROMA
260 _bLavoro
260 _c1981 [1° Ed.:1981 - Ed.Ling.Originale:1981]
300 _a"13 p. (prefazione: no ; testo: 13 [pagine: 13-25])"
500 _aIncomunicabilità Riformare la Riforma
650 _aSAGGI DI COMUNICAZIONE SOCIALE
650 _eCodice materia Spics: 3807
942 _cBK
957 _71
999 _c45588
_d45588
999 _bSI
999 _g1